| 000 | 00578nam a2200229Ia 4500 | ||
|---|---|---|---|
| 003 | LK-CoDNM | ||
| 005 | 20240821102651.0 | ||
| 008 | 010623t1874 xxu||||| |||| 00| 1 eng d | ||
| 040 |
_aLK-CoDNM _dLK-CoDNM _eLK-CoDNM |
||
| 041 | _aeng | ||
| 080 |
_a7 _bJ2 |
||
| 100 | _aBurgess,Jas | ||
| 245 | _aThe Indian Antiquary.A Journal of Oriental Research | ||
| 260 |
_bEducation Society _aByculla _c1874 |
||
| 300 | _b379p. ; ILL ; 28 cm | ||
| 650 | _aArcheology | ||
| 650 | _aFolklore | ||
| 650 | _aHistory | ||
| 650 | _aLanguages | ||
| 650 | _aLiterature | ||
| 942 | _cBK | ||
| 999 |
_c81915 _d81915 |
||